|
|
|
|
| LEADER |
01149nam a2200313 a 4500 |
| 001 |
319 |
| 003 |
BD-DhAAL |
| 005 |
20150217123331.0 |
| 008 |
150217s1994 ii b 001 0 eng |
| 010 |
|
|
|a 93034795
|
| 020 |
|
|
|a 0803991479 (US : hb)
|
| 020 |
|
|
|a 0803991487 (US : pb)
|
| 020 |
|
|
|a 8170363748 (India : hb)
|
| 020 |
|
|
|a 8170363756 (india : pb)
|
| 040 |
|
|
|a DLC
|c DLC
|d DLC
|d BD-DhAAL
|
| 050 |
0 |
0 |
|a HD6189
|b .K343 1994
|
| 082 |
0 |
0 |
|a 331.4/0954
|2 20
|
| 100 |
1 |
|
|a Kalpagam, U.
|9 8569
|
| 245 |
1 |
0 |
|a Labour and gender :
|b survival in urban India /
|c U. Kalpagam.
|
| 246 |
1 |
4 |
|a Labour & gender
|
| 260 |
|
|
|a New Delhi, India ;
|a Thousand Oaks, Calif. :
|b Sage Publications,
|c 1994.
|
| 300 |
|
|
|a 309 p. ;
|c 22 cm.
|
| 504 |
|
|
|a Includes bibliographical references (p. [291]-297) and index.
|
| 541 |
|
|
|e 319
|
| 650 |
|
0 |
|a Women
|x Employment
|z India.
|9 8570
|
| 650 |
|
0 |
|a Informal sector (Economics)
|z India.
|9 8571
|
| 942 |
|
|
|2 ddc
|c BK
|
| 999 |
|
|
|c 33733
|d 33733
|
| 952 |
|
|
|0 0
|1 0
|2 ddc
|4 0
|6 331_409540000000000_KAL
|7 0
|9 52686
|a SCL
|b SCL
|c GEN
|d 2015-02-17
|e Gift: The Asia Foundation
|l 1
|m 4
|o 331.40954 KAL
|p 3020000319
|r 2020-02-17
|s 2019-08-26
|t 1
|w 2015-02-17
|y BK
|